| 000 | | | 04411cam0a2200289#x 450 |
| 001 | | | f0238551-b776-4ab9-b972-4a52963cbc43 |
| 005 | | | 20230530153631.0 |
| 100 | ## | $a | 20210115j19390919k###0rusy50 ca |
| 101 | 0# | $a | pol |
| 102 | ## | $a | RU |
| 122 | 0# | $a | d19390919## |
| 200 | 1# | $a | Распоряжение командующего войсками Белорусского фронта М. П. Ковалева о создании органов временного управления на занятой частями РККА территории Западной Белоруссии и поддержании местными жителями общественного порядка |
| | $j | 19 сентября 1939 г. |
| 251 | ## | $c | Документ |
| 300 | ## | $a | Типографский экземпляр. На польском и белорусском языках |
| 461 | #0 | $1 | 2001 |
| | $a | Ф. 307к |
| | $1 | 251 |
| | $c | Фонд |
| | $1 | 852 |
| | $j | 307к |
| 462 | #0 | $1 | 2001 |
| | $a | Оп. 4 |
| | $1 | 251 |
| | $c | Опись |
| | $1 | 852 |
| | $j | 4 |
| 462 | #0 | $1 | 2001 |
| | $a | Д. 5 |
| | $v | Л. 1-2 |
| | $1 | 251 |
| | $c | Дело |
| | $1 | 852 |
| | $j | 5 |
| 605 | ## | $a | Вторая мировая война в архивных документах (Комплекс оцифрованных архивных документов, кино- и фотоматериалов) |
| | $l | коллекция |
| | $2 | acquisition_Prlib |
| | $3 | LIBNET\UAF\0000088514 |
| 605 | ## | $a | Россия - Беларусь: из истории взаимоотношений |
| | $l | коллекция |
| | $2 | acquisition_Prlib |
| | $3 | LIBNET\UAF\0000107215 |
| 607 | ## | $2 | prlib_sh |
| | $3 | LIBNET\UAF\0000092254 |
| | $a | Белоруссия Западная |
| | $x | Политика и управление |
| | $z | 1939 |
| | $j | Документы и материалы |
| 686 | ## | $a | 63.3(2)621-3ю11 |
| | $v | LBC/M |
| | $2 | rubbk |
| 801 | #0 | $a | RU |
| | $b | ПБ им. Б.Н. Ельцина |
| | $c | 20210115 |
| 801 | #1 | $a | RU |
| | $b | ПБ им. Б.Н. Ельцина |
| | $c | 20210115 |
| | $2 | rusmarc |
| 801 | #2 | $a | RU |
| | $b | ПБ им. Б.Н. Ельцина |
| | $c | 20210125 |
| | $2 | rusmarc |
| 850 | ## | $a | Российский государственный военный архив |
| 852 | ## | $a | РГВА |
| | $j | Л. 1-2 |
| 856 | 4# | $n | ПБ им. Б.Н. Ельцина |
| | $u | http://readingroom.main.prlib.ru/item.aspx?id_node=n154338912&mode=full |
| 035 | ## | $a | LIBNET\0001122742 |
| 937 | ## | $d | 154338912 |
| | $h | Федеральное архивное агентство |